Score 0/20 Timer 04:00
0 Plays Today
Dr Seuss Book Missing Word % Correct
Cat in the _____Hat
99.7%
_____ Eggs and HamGreen
97.7%
How the Grinch Stole _____!Christmas
97.1%
One Fish, Two Fish, _____ Fish, Blue FishRed
92.7%
_____ Hears a Who!Horton
92%
There's a Wocket in My _____!Pocket
83.8%
Oh, the _____ You'll Go!Places
78.6%
Hop on _____Pop
63.8%
Fox in _____Socks
58.4%
_____ the Turtle and Other StoriesYertle
35.1%
Dr Seuss Book Missing Word % Correct
And to Think That I Saw It on _____ StreetMulberry
34.2%
If I Ran the _____Zoo
31.7%
I Can _____ with My Eyes Shut!Read
31.3%
Mr. _____ Can Moo! Can You?Brown
23.6%
I Had _____ in Getting to Solla SollewTrouble
20.8%
You're Only _____ Once!Old
18.3%
_____ WednesdayWacky
15%
Thidwick the Big-Hearted _____Moose
12.2%
Ten _____ Up on Top!Apples
11%
I Wish That I Had _____ FeetDuck
10.7%

Today's Daily Dose

Remove Ads.
Support Sporcle.
Get the best of Sporcle when you Go Orange. This ad-free experience offers more features, more stats, and more fun while also helping to support Sporcle. Thank you for becoming a member.

You're not logged in!

Compare scores with friends on all Sporcle quizzes.
OR
Log In

Show Comments

Extras

Top Quizzes Today


Score Distribution

Your Account Isn't Verified!

In order to create a playlist on Sporcle, you need to verify the email address you used during registration. Go to your Sporcle Settings to finish the process.

Report this User

Report this user for behavior that violates our Community Guidelines.

Details: